Sports Quiz

Random Sports or NFL Quiz
Score 0/20 Timer 04:00
0 Plays Today
Team/Year Player % Correct
2012 VikingsAdrian Peterson
96.5%
2009 TitansChris Johnson
93.1%
1997 LionsBarry Sanders
92.3%
1994 LionsBarry Sanders
92.3%
1984 RamsEric Dickerson
89.3%
1983 RamsEric Dickerson
89.3%
1986 RamsEric Dickerson
89.3%
2006 ChargersLaDainian Tomlinson
89.3%
1963 BrownsJim Brown
86.4%
2005 GiantsTiki Barber
82.6%
Team/Year Player % Correct
2005 SeahawksShaun Alexander
82.2%
1977 BearsWalter Payton
81.1%
2003 RavensJamal Lewis
80.9%
1998 BroncosTerrell Davis
79.2%
1973 BillsO.J. Simpson
77.3%
1975 BillsO.J. Simpson
77.3%
2002 DolphinsRicky Williams
77.1%
2003 PackersAhman Green
72.3%
1998 FalconsJamal Anderson
59.1%
1980 OilersEarl Campbell
58.2%
Remove Ads.
Support Sporcle.
Get the best of Sporcle when you Go Orange. This ad-free experience offers more features, more stats, and more fun while also helping to support Sporcle. Thank you for becoming a member.

You're not logged in!

Compare scores with friends on all Sporcle quizzes.
OR
Log In

Show Comments

Extras

Top Quizzes Today


Score Distribution

Your Account Isn't Verified!

In order to create a playlist on Sporcle, you need to verify the email address you used during registration. Go to your Sporcle Settings to finish the process.

Report this User

Report this user for behavior that violates our Community Guidelines.

Details: